Focus sur: Aegnor - Tolkien - Statistiques

Statistiques générales
  • Ce quiz a été pris 14 fois
  • Le résultat moyen est 9 sur 18
Statistiques - réponses
Informations recherchées Réponses % Correct
Couleur des cheveux Doré
100%
Espèce Elfe
100%
Age durant lequel il vécut Premier
100%
Première apparition Le Silmarillion
91%
Groupe de l'espèce Noldor
82%
Sœur Galadriel
73%
Père Finarfin
64%
Maison (lignée) Finarfin
64%
Frères Finrod
55%
Orodreth
45%
Contrées et royaumes Valinor
45%
Angrod
36%
Mère Eärwen
36%
Cité Tirion
18%
Autres noms Aikanáro
9%
Ambaráto
9%
Amante Andreth
9%
Dorthonion
9%
Aucun quiz correspondant
Distribution des résultats
% des personnes avec chaque résultat
Percentile par nombre de réponses
Votre historique - résultats
Vous n’avez pas pris ce quiz